Štúdia konštrukcií čelných nakladačov z pohľadu bezpečnosti

Salvato in:
Dettagli Bibliografici
Autore principale: Ohajda, Christopher (Autore)
Altri autori: Schmidtova, Carmen (Relatore della tesi)
Natura: Manoscritto Libro
Lingua:slovacco
Pubblicazione: 2024
Soggetti:
Accesso online:http://is.stuba.sk/zp/portal_zp.pl?podrobnosti=168563
Tags: Aggiungi Tag
Nessun Tag, puoi essere il primo ad aggiungerne!!

MARC

LEADER 00000ntm a22000003a 4500
001 stuzp98132
003 SK-STU
005 20241120102323.8
007 ta
008 150427s2015----xo-----f-mn---000-0-slo-d
040 |a STU  |b slo 
041 0 |a slo 
100 1 |a Ohajda, Christopher  |u 020030  |4 aut  |U SjF Strojnícka fakulta  |T SjF Ústav automobilového inžinierstva a konštruovania  |X 115863  |U J0030  |Y 806  |7 115863 
242 0 1 |a A study of front loader designs from the point of view of safety  |y eng 
245 1 0 |a Štúdia konštrukcií čelných nakladačov z pohľadu bezpečnosti 
260 |c 2024 
650 4 |a bezpečnosť  |2 slo 
650 4 |a konštrukcia  |2 slo 
650 4 |a čelný nakladač  |2 slo 
650 4 |a safety  |2 eng 
650 4 |a front end loader  |2 eng 
650 4 |a design solution  |2 eng 
700 1 |a Schmidtova, Carmen  |u 020030  |k Z1  |4 ths  |U SjF Strojnícka fakulta  |T SjF Ústav automobilového inžinierstva a konštruovania  |X 2320  |U J0030  |Y 806  |7 A000002320 
856 4 |u http://is.stuba.sk/zp/portal_zp.pl?podrobnosti=168563 
996 |b 284J047690  |c J* 3785/DBP  |l JJSK  |s A  |a 24  |w stuzp98132_0001